00597nam a2200193 a 450000100100000000500170001000800410002702000150006804000250008308200190010810000380012724500630016526000400022830000190026849000330028765000240032065000260034483000330037000002379320200930022455.0110113s1974 sp 000 p spa d a8430305491 aDO-SdBNPbspacBNPHU a861.5bC198poe1 aCampoamor, Ramón de,d1817-190110aPoesías de Ramón de Campoamor /cRamón de Campoamor. aBarcelona :bRamón Sopena,c1974. a2 v. ;c17 cm.1 aBiblioteca Sopena.v549, 550 4aPoesía española 4aLiteratura española 0aBiblioteca Sopena;v549, 550